Analýza výdavkov na výskum a vývoj v SR bakalárska práca

Gespeichert in:
Bibliographische Detailangaben
1. Verfasser: Pinkava, Richard
Körperschaft: Národohospodárska fakulta EU. Katedra hospodárskej politiky
Weitere Verfasser: Rumpelová, Daniela, 1982-
Format: Buch
Sprache:Slowakisch
Veröffentlicht: Bratislava 2011
Tags: Tag hinzufügen
Keine Tags, Fügen Sie das erste Tag hinzu!

MARC

LEADER 00000nbm a2200000 4500
001 0139613
005 20161109111633.6
041 0 |a slo 
044 |a SK 
245 1 0 |a Analýza výdavkov na výskum a vývoj v SR  |b bakalárska práca  |c Richard Pinkava ; školiteľ: Daniela Rumpelová 
264 1 |a Bratislava  |c 2011 
300 |a 49 s. 
100 1 |a Pinkava, Richard 
700 1 |a Rumpelová, Daniela, 1982- 
710 2 |a Národohospodárska fakulta EU. Katedra hospodárskej politiky